|
|
|
|
| LEADER |
01262ppm a22002778a 4500 |
| 001 |
00029874 |
| 005 |
20171026081022.0 |
| 008 |
121126s2007 ||||||viesd |
| 041 |
0 |
# |
|a vie
|
| 082 |
1 |
4 |
|b C101B
|a 371.33
|
| 100 |
1 |
# |
|a Hà, Văn Sinh
|
| 245 |
0 |
0 |
|a Các biện pháp quản lý phương tiện dạy học ở trường Đại học sư phạm Đồng Tháp trong giai đoạn hiện nay
|b Luận văn thạc sĩ giáo dục học. Chuyên ngành: Quản lý giáo dục. Mã số: 60.14.05
|c Hà Văn SInh; Trần Văn Hiếu (hướng dẫn)
|
| 260 |
# |
# |
|a Huế
|b Đại học sư phạm
|c 2007
|
| 300 |
# |
# |
|a 80 tr.
|c 30cm.
|b ảnh màu
|e 1 bản tóm tắt
|
| 500 |
# |
# |
|a ĐTTTS ghi: Bộ giáo dục và đào tạo. Đại học Huế. Trường Đại học sư phạm
|
| 653 |
# |
# |
|a Luận văn
|
| 653 |
# |
# |
|a Đại học Đồng Tháp
|
| 653 |
# |
# |
|a Quản lý
|
| 653 |
# |
# |
|a Phương tiện dạy học
|
| 700 |
1 |
# |
|a Trần, Văn Hiếu
|e Hướng dẫn
|
| 852 |
# |
# |
|b Kho đọc SĐH
|j LV.0000049
|
| 852 |
# |
# |
|j LV.0000049
|
| 910 |
|
|
|d 26/11/2012
|
| 980 |
# |
# |
|a Trung tâm Học liệu Lê Vũ Hùng, Trường Đại học Đồng Tháp
|